| 000 | 00398nam a2200145 a 4500 | ||
|---|---|---|---|
| 005 | 20140412111317.0 | ||
| 008 | 110127s19uu xx 00 eng d | ||
| 020 | _a0-439-44990-1 | ||
| 050 |
_aTR(GS 745.4 _bC81 2005 |
||
| 100 | _aCornell, Teresa | ||
| 245 |
_aFollow the Directions Art activities / _cTeresa Cornell. |
||
| 260 |
_aU.S.A : _bScholastic, _c2005. |
||
| 300 | _a80p. | ||
| 999 |
_c104260 _d104260 |
||